00325nam a2200121Ia 4500008004100000041000800041082001600049100002100065245004500086260002900131300003100160365001200191240624s9999 xx 000 0 und d aeng a658.155 GAL aGALIZIA FEDERICO aMANAGING SYSTEMIC EXPOSURE A RISK MANAGE c2013aLondonbRisk Books axxv, : 270 : p. : cm. ; 23 cGBPb50